Microeconomía
Na minha lista:
| Main Authors: | , , |
|---|---|
| Formato: | Livro |
| Idioma: | espanhol |
| Publicado em: |
Ciudad de México
Pearson Educación
2006
|
| Edição: | 7a. ed |
| Assuntos: | |
| Tags: |
Adicionar Tag
Sem tags, seja o primeiro a adicionar uma tag!
|
MARC
| LEADER | 00000nam a2200000 a 4500 | ||
|---|---|---|---|
| 001 | UCI1981 | ||
| 003 | CL-VaPUC | ||
| 008 | 070727e20060000MX |||||||||||||||||spa|d | ||
| 020 | |a 9702607183 | ||
| 082 | 0 | 4 | |a 338.5 |b PAR |2 21 |
| 100 | |a Parkin, Michael |e autor |9 528536 | ||
| 700 | 0 | |a Esquivel, Gerardo |e author |9 522801 | |
| 700 | 0 | |a Avalos, Marcos |e author |9 522802 | |
| 245 | 1 | 0 | |a Microeconomía |
| 250 | |a 7a. ed | ||
| 300 | |a 520 p | ||
| 942 | |c BK | ||
| 945 | |d 20070727 00:00:00 |a jtorresc | ||
| 260 | |a Ciudad de México |b Pearson Educación |c 2006 | ||
| 650 | 0 | |a Consumidores |9 315658 | |
| 650 | 0 | |a Investigación de mercado |9 332310 | |
| 650 | 0 | |a Toma de decisiones |9 257530 | |
| 650 | 0 | |a Comportamiento del consumidor |9 331318 | |
| 650 | 0 | |a Teorías económicas |9 270968 | |
| 650 | 0 | |a Mercado de capitales |9 330596 | |
| 650 | 0 | |a Planificación estratégica |9 259735 | |
| 583 | |a last modification |c 20141114 05:28:38 |k Rodrigo Vera | ||
| 999 | |c 326647 |d 326645 | ||
| 952 | |0 0 |1 0 |2 ddc |4 0 |6 338_500000000000000_PAR_2006 |7 0 |8 A |9 408679 |a BIBING |b BIBING |c RES |d 2019-11-22 |i 435978K |o 338.5 PAR 2006 |p 435978K |r 2025-01-20 |w 2019-11-22 |y BK |k CIC | ||